<?xml version="1.0" encoding="UTF-8"?>
<record
    xmlns:xsi="http://www.w3.org/2001/XMLSchema-instance"
    xsi:schemaLocation="http://www.loc.gov/MARC21/slim http://www.loc.gov/standards/marcxml/schema/MARC21slim.xsd"
    xmlns="http://www.loc.gov/MARC21/slim">

  <leader>01301nam a2200289 a 4500</leader>
  <controlfield tag="001">BRCA_53</controlfield>
  <controlfield tag="005">20190320202850.0</controlfield>
  <controlfield tag="008">010208s2007----fr-a#####r---f001-0#fre-#</controlfield>
  <datafield tag="020" ind1=" " ind2=" ">
    <subfield code="a">9782742765270</subfield>
  </datafield>
  <datafield tag="020" ind1=" " ind2=" ">
    <subfield code="a">9782915133462 (Mus&#xE9;e du quai Branly)</subfield>
  </datafield>
  <datafield tag="040" ind1=" " ind2=" ">
    <subfield code="a">DLC</subfield>
    <subfield code="c">DLC</subfield>
    <subfield code="d">DLC</subfield>
  </datafield>
  <datafield tag="050" ind1=" " ind2="4">
    <subfield code="a">F1376</subfield>
    <subfield code="b">.Y93 2007</subfield>
  </datafield>
  <datafield tag="245" ind1="1" ind2="0">
    <subfield code="a">Le Yucat&#xE1;n est ailleurs</subfield>
    <subfield code="b">exp&#xE9;ditions photographiques (1857-1886) de D&#xE9;sir&#xE9; Charnay</subfield>
    <subfield code="c">[sous la direction de Christine Barthe].</subfield>
  </datafield>
  <datafield tag="260" ind1=" " ind2=" ">
    <subfield code="a">[Par&#xED;s]</subfield>
    <subfield code="b">Mus&#xE9;e du quai Branly : Actes Sud</subfield>
    <subfield code="c">c2007</subfield>
  </datafield>
  <datafield tag="300" ind1=" " ind2=" ">
    <subfield code="a">70, [26] p.</subfield>
    <subfield code="b">il. (algunas a color), 1 mapa</subfield>
    <subfield code="c">26 cm.</subfield>
  </datafield>
  <datafield tag="440" ind1=" " ind2="0">
    <subfield code="a">La Collection du mus&#xE9;e du quai Branly</subfield>
    <subfield code="9">246</subfield>
  </datafield>
  <datafield tag="500" ind1=" " ind2=" ">
    <subfield code="a">Incluye cronolog&#xED;a de D&#xE9;sir&#xE9; Charnay y lista de obra</subfield>
  </datafield>
  <datafield tag="504" ind1=" " ind2=" ">
    <subfield code="a">Bibliograf&#xED;a : p. [90-91]</subfield>
  </datafield>
  <datafield tag="600" ind1="1" ind2="4">
    <subfield code="a">Charnay, D&#xE9;sir&#xE9;</subfield>
    <subfield code="d">1828-1915</subfield>
    <subfield code="v">Exposiciones</subfield>
    <subfield code="x">Colecciones fotogr&#xE1;ficas</subfield>
    <subfield code="9">247</subfield>
  </datafield>
  <datafield tag="600" ind1="1" ind2="4">
    <subfield code="a">Charnay, D&#xE9;sir&#xE9;</subfield>
    <subfield code="d">1828-1915</subfield>
    <subfield code="x">Viajes</subfield>
    <subfield code="z">M&#xE9;xico - Yucat&#xE1;n (Estado)</subfield>
    <subfield code="9">248</subfield>
  </datafield>
  <datafield tag="610" ind1="2" ind2="4">
    <subfield code="a">Mus&#xE9;e du quai Branly</subfield>
    <subfield code="v">Exposiciones</subfield>
    <subfield code="9">249</subfield>
  </datafield>
  <datafield tag="650" ind1="1" ind2="4">
    <subfield code="a">Fotograf&#xED;a documental</subfield>
    <subfield code="v">Exposiciones</subfield>
    <subfield code="z">M&#xE9;xico - Yucat&#xE1;n (Estado)</subfield>
    <subfield code="9">250</subfield>
  </datafield>
  <datafield tag="650" ind1="1" ind2="4">
    <subfield code="a">Colecciones fotogr&#xE1;ficas</subfield>
    <subfield code="v">Exposiciones</subfield>
    <subfield code="z">Francia - Par&#xED;s</subfield>
    <subfield code="9">251</subfield>
  </datafield>
  <datafield tag="651" ind1=" " ind2="4">
    <subfield code="a">Yucat&#xE1;n (M&#xE9;xico : Estado)</subfield>
    <subfield code="v">Exposiciones</subfield>
    <subfield code="x">Descripci&#xF3;n y viajes</subfield>
    <subfield code="9">252</subfield>
  </datafield>
  <datafield tag="700" ind1="1" ind2=" ">
    <subfield code="a">Barthe, Christine</subfield>
    <subfield code="9">253</subfield>
  </datafield>
  <datafield tag="942" ind1=" " ind2=" ">
    <subfield code="2">lcc</subfield>
    <subfield code="c">B</subfield>
  </datafield>
  <datafield tag="999" ind1=" " ind2=" ">
    <subfield code="c">53</subfield>
    <subfield code="d">53</subfield>
  </datafield>
  <datafield tag="952" ind1=" " ind2=" ">
    <subfield code="0">0</subfield>
    <subfield code="1">0</subfield>
    <subfield code="4">0</subfield>
    <subfield code="7">0</subfield>
    <subfield code="a">BRCA</subfield>
    <subfield code="b">BRCA</subfield>
    <subfield code="d">2008-06-25</subfield>
    <subfield code="l">0</subfield>
    <subfield code="o">F1376 .Y93 2007</subfield>
    <subfield code="p">00049_1</subfield>
    <subfield code="r">2019-03-23 00:00:00</subfield>
    <subfield code="w">2019-03-23</subfield>
    <subfield code="y">B</subfield>
  </datafield>
</record>
